Антропология: учебное пособие

التفاصيل البيبلوغرافية
المؤلف الرئيسي: Тегако Л. Лидия Ивановна
مؤلفون آخرون: Кметинский Е. Ежи
الملخص:Изложены и проанализированы основные проблемы антропологической науки в двух аспектах — биологическом и социальном. Рассмотрен ряд новых междисциплинарных направлений — психологическая, педагогическая, культурная антропология. Для студентов, аспирантов, преподавателей педагогических, биологических, гуманитарных факультетов, медицинских вузов, для всех, интересующихся антропологией.
اللغة:الروسية
منشور في: Москва, Новое знание, 2008
الطبعة:2-е изд., испр.
الموضوعات:
التنسيق: MixedMaterials كتاب
KOHA link:https://koha.lib.tpu.ru/cgi-bin/koha/opac-detail.pl?biblionumber=146742

MARC

LEADER 00000nam0a2200000 4500
001 146742
005 20231101221241.0
010 |a 9785947351255 
035 |a (RuTPU)RU\TPU\book\159070 
035 |a RU\TPU\book\106947 
090 |a 146742 
100 |a 20060710d2008 m y0rusy50 ca 
101 0 |a rus 
102 |a RU 
105 |a y j 001zy 
200 1 |a Антропология  |e учебное пособие  |f Л. Тегако, Е. Кметинский 
205 |a 2-е изд., испр. 
210 |a Москва  |c Новое знание  |d 2008 
215 |a 400 с. 
320 |a Библиогр.: с. 389-397. 
330 |a Изложены и проанализированы основные проблемы антропологической науки в двух аспектах — биологическом и социальном. Рассмотрен ряд новых междисциплинарных направлений — психологическая, педагогическая, культурная антропология. Для студентов, аспирантов, преподавателей педагогических, биологических, гуманитарных факультетов, медицинских вузов, для всех, интересующихся антропологией. 
451 1 |0 (RuTPU)RU\TPU\book\106947  |y 5-94735-033-5  |t Антропология  |o учебное пособие  |f Л. Тегако, Е. Кметинский  |c М.  |n Новое знание  |d 2004  |p 400 с.  |a Тегако, Лидия Ивановна 
606 1 |a Антропология  |2 stltpush  |3 (RuTPU)RU\TPU\subj\29277  |9 52647 
610 1 |a биология 
610 1 |a философия 
610 1 |a человек 
610 1 |a антропосоциогенез 
610 1 |a экология 
610 1 |a рассоведение 
610 1 |a население 
610 1 |a народы мира 
610 1 |a социокультурная антропология 
610 1 |a учебные пособия 
610 1 |a социология 
675 |a 572(075.8)  |v 3 
700 1 |a Тегако  |b Л.  |g Лидия Ивановна 
701 1 |a Кметинский  |b Е.  |g Ежи 
801 1 |a RU  |b 63413507  |c 20081101  |g PSBO 
801 2 |a RU  |b 63413507  |c 20150528  |g PSBO 
900 |a Антропология 
942 |c BK 
959 |a 102/20081031  |d 2  |e 264,00  |f АНЛ:1  |f НФ:1